00561nam a2200157 a 450000100060000000300090000600800410001504000280005608200170008410000300010124501000013126000700023130000100030165000470031165000450035812779CO-ViMGA141112s2004 ck r 000 u spa d aCO-ViMGAbspacCO-ViMGA04a610.986 F7151 aFrancisco, Zea Adolfo de 10aEl Doctor Jose Felix Merizalde y la medicina de comienzos del siglo XIX en Santa Fe de Bogotá aSantafé de Bogotá : bAcademia colombiana de Historia, c1997 a120p.14aMEDICINA - HISTORIA - SIGLO XIX - COLOMBIA14aMERIZALDE SOLIS JOSE FELIX - 1787 - 1968